00682nam a22002297a 4500008004100000010001400041020002700055035001300082037001500095040001800110082000800128245006500136260004700201270004700248300002800295500002000323650002300343650003200366650002200398700001400420700001800434081120t xxu||||| |||| 00| 0 eng d aENG-91718 a9788184500196c1800.00 aEN-75251 bDBAD / PUB adplbEnglish  a332 aFinancial services /cedited by S. Mohan (and) R. Elangovan  aNew Delhi bDeep & Deep Publicationsc2008 aF-159 Rajouri Garden, bNew Delhi e110027 axii, 587p. c23cm (Hb)  aIncludes index  aFinancial services aFinancial services industry aBanks and banking aMoha, S.  aElangovan, R